| 000 | 01099nac a22003131i 4500 | ||
|---|---|---|---|
| 003 | EG-ScBUE | ||
| 005 | 20241106110618.0 | ||
| 008 | 241106t2006 maua f 001 0 eng d | ||
| 020 | _a9780321189547 | ||
| 020 | _a032118954X | ||
| 040 |
_aEG-ScBUE _beng _erda _cEG-ScBUE _dEG-ScBUE |
||
| 082 | 0 | 4 |
_a519.2 _bWEI _222 |
| 100 | 1 |
_aWeiss, N. A., _eauthor. |
|
| 245 | 1 | 2 |
_aA course in probability / _cNeil A. Weiss, Arizona State University with contributions from Paul T. Holmes, Clemson University, Michael Hardy, Massachusetts Institute of Technology. |
| 246 | 3 | 0 | _aProbability |
| 250 | _aInternational edition. | ||
| 264 | 1 |
_aBoston : _bPearson Addison Wesley, _c[2006] |
|
| 264 | 4 | _cc2006 | |
| 300 |
_axviii, 742, 39, 8 pages : _billustrations ; _c24 cm |
||
| 336 |
_2rdacontent _atext _btxt |
||
| 337 |
_aunmediated _2rdamedia _bn |
||
| 338 |
_avolume _bnc _2rdacarrier |
||
| 500 | _aIncludes index. | ||
| 650 | 7 |
_aProbabilities. _2BUEsh |
|
| 655 | _vReading book | ||
| 700 | 1 |
_aHolmes, Paul T., _econtributer. |
|
| 700 | 1 |
_aHardy, Michael., _econtributer. |
|
| 942 |
_cBB _2ddc |
||
| 999 |
_c1875 _d1875 |
||